Ion bombardment of solids (Record no. 4209)

MARC details
000 -LEADER
fixed length control field 00500nam a2200181Ia 4500
003 - CONTROL NUMBER IDENTIFIER
control field IN-BaIIA
008 - FIXED-LENGTH DATA ELEMENTS--GENERAL INFORMATION
fixed length control field 211028s9999 xx 000 0 eng d
040 ## - CATALOGING SOURCE
Transcribing agency IIA Library
080 ## - UNIVERSAL DECIMAL CLASSIFICATION NUMBER
Universal Decimal Classification number 539.2
Item number CAR
100 ## - MAIN ENTRY--PERSONAL NAME
Personal name Carter, G
9 (RLIN) 7396
245 #0 - TITLE STATEMENT
Title Ion bombardment of solids
Statement of responsibility, etc. G. Carter and J. S. Colligon
260 ## - PUBLICATION, DISTRIBUTION, ETC.
Place of publication, distribution, etc. London
Name of publisher, distributor, etc. Heinemann
Date of publication, distribution, etc. 1968
300 ## - PHYSICAL DESCRIPTION
Extent viii, 446p.
650 ## - SUBJECT ADDED ENTRY--TOPICAL TERM
Topical term or geographic name entry element Astronomy and astrophysics thesaurus
650 ## - SUBJECT ADDED ENTRY--TOPICAL TERM
Topical term or geographic name entry element Solid state physics
700 ## - ADDED ENTRY--PERSONAL NAME
Personal name Colligon, J. S.
9 (RLIN) 7397
942 ## - ADDED ENTRY ELEMENTS (KOHA)
Koha item type Books
Holdings
Withdrawn status Lost status Damaged status Not for loan Home library Current library Shelving location Date acquired Cost, normal purchase price Total Checkouts Full call number Barcode Date last seen Cost, replacement price Price effective from Koha item type Purchase Price
        IIA Library-Bangalore IIA Library-Bangalore General Stacks 30/04/1973 239.40   539.2/ CAR 4699 05/11/2021 239.40 30/04/1973 Books Rs. 239.40

Powered by Koha